000 00252nam a2200109 a 4500
008 090930s1972|||| d
100 1 _aAubryová, C.
245 1 0 _aBela a Sebastián
260 _bPravda
_aBratislava
_c1972
041 _aslo
044 _axo
_cSK
999 _c227
_d227